| 000 | 00795naa a22001571i 4500 | ||
|---|---|---|---|
| 001 | 9605 | ||
| 003 | KOSZ 005 | ||
| 005 | 20180404143445.0 | ||
| 008 | 180404s2006 rm ||||f |||| 10| 0 eng|d | ||
| 040 | _cKOSZ 005/HR | ||
| 100 |
_aKATZER, Jacek. _d1999 - 2012. _bPolitechnika Koszalińska - Wydział Budownictwa i Inżynierii Środowiska, _cKatedra Budownictwa i Materiałów Budowlanych |
||
| 245 | 1 | 0 |
_aThermal properties of SFRM / _cJacek Katzer. |
| 655 | 0 | _aMateriały konferencyjne. | |
| 773 | 0 |
_iW : _tLucrările ştiinţifice ale Simpozionului Internaţional Multidisciplinar "Universitaria SIMPRO" 2006 : ştiinţe socio - umane filologie : 13-14 octombrie 2006 / Ministerul Educaţiei şi Cercetării Universitatea din Petroşani. - _dPetroşani, 2006. - _gs. 56-59. |
|
| 942 |
_cROZ _2UKD |
||
| 999 |
_c9605 _d9605 |
||